[Event "29. Klatovy A 2023"]
[Site "Klatovy"]
[Date "2023.07.08"]
[Round "8.15"]
[White "Filindash, Nikita"]
[Black "Zhang, Michelle 2013"]
[Result "1-0"]
[WhiteElo "2011"]
[BlackElo "1724"]
[PlyCount "71"]
[EventDate "2023.07.01"]
[EventType "swiss"]
[EventRounds "9"]
[EventCountry "CZE"]
[TimeControl "120+30"]

1. d4 {[%emt 0:00:02]} d5 {[%emt 0:00:34]} 2. c4 {[%emt 0:00:02]} c6 {[%emt 0:00:28]} 3. cxd5 {[%emt 0:00:02]} cxd5 {[%emt 0:00:36]} 4. Bf4 {[%emt 0:00:02]} Nc6 {[%emt 0:01:04]} 5. e3 {[%emt 0:00:02]} Bf5 {[%emt 0:07:02]} 6. Nc3 {[%emt 0:00:32]} e6 {[%emt 0:01:20]} 7. Bd3 {[%emt 0:03:15]} Bxd3 {[%emt 0:04:01]} 8. Qxd3 {[%emt 0:00:05]} Nf6 {[%emt 0:02:45]} 9. Nf3 {[%emt 0:01:38]} Bd6 {[%emt 0:02:44]} 10. Bxd6 {[%emt 0:03:38]} Qxd6 {[%emt 0:00:14]} 11. O-O {[%emt 0:00:11]} O-O {[%emt 0:00:56]} 12. Rac1 {[%emt 0:00:41]} Rac8 {[%emt 0:08:11]} 13. Rfd1 {[%emt 0:18:36]} Rfd8 {[%emt 0:07:04]} 14. a3 {[%emt 0:08:35]} h6 {[%emt 0:24:33]} 15. b4 {[%emt 0:14:55]} b6 {[%emt 0:09:01]} 16. Rc2 {[%emt 0:08:24]} e5 {[%emt 0:21:52]} 17. dxe5 {[%emt 0:15:40]} Nxe5 {[%emt 0:00:33]} 18. Nxe5 {[%emt 0:00:17]} Qxe5 {[%emt 0:00:34]} 19. h3 {[%emt 0:11:31]} Rc6 {[%emt 0:18:24]} 20. Ne4 {[%emt 0:12:51]} Rxc2 {[%emt 0:06:36]} 21. Nxf6+ {[%emt 0:00:18]} Qxf6 {[%emt 0:00:14]} 22. Qxc2 {[%emt 0:00:04]} Qe5 {[%emt 0:02:56]} 23. Rd4 {[%emt 0:02:03]} g6 {[%emt 0:01:58]} 24. Qd2 {[%emt 0:04:06]} Rc8 {[%emt 0:03:53]} 25. Rxd5 {[%emt 0:10:42]} Qa1+ {[%emt 0:02:26]} 26. Kh2 {[%emt 0:00:15]} Qxa3 {[%emt 0:00:30]} 27. Rd7 {[%emt 0:02:33]} Qa1 {[%emt 0:01:13]} 28. Rxf7 {[%emt 0:08:19]} Kxf7 {[%emt 0:01:34]} 29. Qd7+ {[%emt 0:00:01]} Kf6 {[%emt 0:00:55]} 30. Qxc8 {[%emt 0:00:06]} Qe5+ {[%emt 0:00:28]} 31. f4 {[%emt 0:00:02]} Qd6 {[%emt 0:00:48]} 32. Qh8+ {[%emt 0:01:42]} Kf7 {[%emt 0:00:29]} 33. Qh7+ {[%emt 0:00:20]} Kf6 {[%emt 0:00:16]} 34. Qxh6 {[%emt 0:02:35]} Qxb4 {[%emt 0:00:23]} 35. Qh8+ {[%emt 0:00:22]} Kf5 {[%emt 0:00:00]} 36. Qe5# {[%emt 0:00:00]} 1-0

[Event "29. Klatovy A 2023"]
[Site "Klatovy"]
[Date "2023.07.08"]
[Round "8.16"]
[White "Vana, Jan 2010"]
[Black "Martirosyan, David"]
[Result "1/2-1/2"]
[WhiteElo "1890"]
[BlackElo "1908"]
[PlyCount "118"]
[EventDate "2023.07.01"]
[EventType "swiss"]
[EventRounds "9"]
[EventCountry "CZE"]
[TimeControl "120+30"]

1. e4 {[%emt 0:13:50]} c5 {[%emt 0:00:11]} 2. Nc3 {[%emt 0:00:11]} d6 {[%emt 0:00:06]} 3. d4 {[%emt 0:00:04]} cxd4 {[%emt 0:00:16]} 4. Qxd4 {[%emt 0:00:04]} Bd7 {[%emt 0:02:28]} 5. b3 {[%emt 0:00:08]} Nc6 {[%emt 0:00:36]} 6. Qd2 {[%emt 0:00:04]} Nf6 {[%emt 0:01:11]} 7. Bb2 {[%emt 0:00:39]} a6 {[%emt 0:01:12]} 8. O-O-O {[%emt 0:01:14]} b5 {[%emt 0:01:29]} 9. f3 {[%emt 0:02:21]} h5 {[%emt 0:03:06]} 10. Nd5 {[%emt 0:04:04]} e6 {[%emt 0:01:37]} 11. Nxf6+ {[%emt 0:01:42]} gxf6 {[%emt 0:00:05]} 12. Kb1 {[%emt 0:00:27]} b4 {[%emt 0:03:21]} 13. Ne2 {[%emt 0:05:14]} Be7 {[%emt 0:07:30]} 14. f4 {[%emt 0:05:50]} Qc7 {[%emt 0:13:58]} 15. Nd4 {[%emt 0:20:57]} Nxd4 {[%emt 0:01:50]} 16. Bxd4 {[%emt 0:02:15]} a5 {[%emt 0:02:00]} 17. e5 {[%emt 0:03:24]} fxe5 {[%emt 0:05:26]} 18. fxe5 {[%emt 0:01:09]} dxe5 {[%emt 0:03:21]} 19. Bxe5 {[%emt 0:03:26]} Qxe5 {[%emt 0:01:20]} 20. Qxd7+ {[%emt 0:00:14]} Kf8 {[%emt 0:00:04]} 21. Qd4 {[%emt 0:04:38]} Qxd4 {[%emt 0:15:32]} 22. Rxd4 {[%emt 0:00:06]} Ra7 {[%emt 0:01:55]} 23. Be2 {[%emt 0:01:40]} Bf6 {[%emt 0:02:01]} 24. Rf4 {[%emt 0:04:38]} Ke7 {[%emt 0:02:29]} 25. Rhf1 {[%emt 0:00:57]} Rh6 {[%emt 0:01:33]} 26. Bxh5 {[%emt 0:00:51]} e5 {[%emt 0:00:29]} 27. Rf5 {[%emt 0:00:45]} Rd7 {[%emt 0:00:40]} 28. g4 {[%emt 0:04:16]} Ke6 {[%emt 0:06:35]} 29. g5 {[%emt 0:19:25]} Rxh5 {[%emt 0:00:06]} 30. Rxf6+ {[%emt 0:00:05]} Ke7 {[%emt 0:00:07]} 31. Rxf7+ {[%emt 0:00:03]} Kd8 {[%emt 0:00:07]} 32. Rxd7+ {[%emt 0:00:05]} Kxd7 {[%emt 0:00:12]} 33. Rg1 {[%emt 0:00:23]} Rxh2 {[%emt 0:01:28]} 34. g6 {[%emt 0:00:04]} Rh8 {[%emt 0:00:10]} 35. g7 {[%emt 0:00:07]} Rg8 {[%emt 0:00:04]} 36. c4 {[%emt 0:00:19]} bxc3 {[%emt 0:15:08]} 37. Kc2 {[%emt 0:00:30]} Ke6 {[%emt 0:02:17]} 38. Kxc3 {[%emt 0:05:08]} Kf7 {[%emt 0:01:15]} 39. b4 {[%emt 0:12:35]} axb4+ {[%emt 0:01:50]} 40. Kxb4 {[%emt 0:01:15]} Rb8+ {[%emt 0:00:15]} 41. Kc5 {[%emt 0:02:46]} Kg8 {[%emt 0:00:22]} 42. a4 {[%emt 0:01:15]} e4 {[%emt 0:02:04]} 43. Re1 {[%emt 0:05:56]} Re8 {[%emt 0:01:54]} 44. Kd4 {[%emt 0:03:57]} Ra8 {[%emt 0:00:20]} 45. Ra1 {[%emt 0:00:07]} Re8 {[%emt 0:02:32]} 46. Ra3 {[%emt 0:00:13]} Kxg7 {[%emt 0:01:05]} 47. a5 {[%emt 0:01:46]} Kf6 {[%emt 0:00:49]} 48. a6 {[%emt 0:00:54]} Kf5 {[%emt 0:00:43]} 49. a7 {[%emt 0:00:28]} Ra8 {[%emt 0:00:03]} 50. Ra6 {[%emt 0:00:22]} e3 {[%emt 0:01:26]} 51. Kxe3 {[%emt 0:02:28]} Ke5 {[%emt 0:00:09]} 52. Ra5+ {[%emt 0:00:31]} Kd6 {[%emt 0:00:17]} 53. Kd4 {[%emt 0:00:05]} Kc6 {[%emt 0:00:22]} 54. Kc4 {[%emt 0:00:22]} Kb6 {[%emt 0:00:18]} 55. Rb5+ {[%emt 0:00:12]} Kxa7 {[%emt 0:00:10]} 56. Kc5 {[%emt 0:00:14]} Rc8+ {[%emt 0:00:26]} 57. Kd6 {[%emt 0:00:06]} Ka6 {[%emt 0:00:25]} 58. Rb1 {[%emt 0:00:00]} Rc2 {[%emt 0:00:41]} 59. Rb3 {[%emt 0:00:08]} Rc1 {[%emt 0:00:20]} 1/2-1/2

[Event "29. Klatovy A 2023"]
[Site "Klatovy"]
[Date "2023.07.08"]
[Round "8.17"]
[White "Mametev, Artem"]
[Black "Stary, Vojtech"]
[Result "1-0"]
[WhiteElo "1991"]
[BlackElo "1822"]
[PlyCount "45"]
[EventDate "2023.07.01"]
[EventType "swiss"]
[EventRounds "9"]
[EventCountry "CZE"]
[TimeControl "120+30"]

1. e4 {[%emt 0:00:01]} g6 {[%emt 0:00:09]} 2. d4 {[%emt 0:00:10]} Nf6 {[%emt 0:00:09]} 3. e5 {[%emt 0:01:43]} Nh5 {[%emt 0:00:11]} 4. Be2 {[%emt 0:03:59]} Ng7 {[%emt 0:00:11]} 5. Nf3 {[%emt 0:00:15]} d5 {[%emt 0:02:02]} 6. O-O {[%emt 0:04:36]} Bg4 {[%emt 0:02:03]} 7. c4 {[%emt 0:01:38]} c6 {[%emt 0:04:54]} 8. cxd5 {[%emt 0:01:08]} cxd5 {[%emt 0:02:14]} 9. Nc3 {[%emt 0:00:46]} e6 {[%emt 0:01:19]} 10. Qb3 {[%emt 0:08:08]} Qd7 {[%emt 0:05:42]} 11. Bg5 {[%emt 0:09:20]} Bxf3 {[%emt 0:01:31]} 12. Bxf3 {[%emt 0:00:04]} Nc6 {[%emt 0:02:23]} 13. Rfd1 {[%emt 0:04:49]} Nf5 {[%emt 0:04:18]} 14. Bxd5 {[%emt 0:08:54]} Na5 {[%emt 0:06:59]} 15. Ne4 {[%emt 0:10:29]} Be7 {[%emt 0:17:06]} 16. Qc3 {[%emt 0:26:44]} Qxd5 {[%emt 0:08:20]} 17. Bxe7 {[%emt 0:00:18]} Qxe4 {[%emt 0:16:17]} 18. Bf6 {[%emt 0:00:09]} O-O {[%emt 0:00:50]} 19. Qxa5 {[%emt 0:00:09]} Nxd4 {[%emt 0:01:09]} 20. Qd2 {[%emt 0:07:29]} Ne2+ {[%emt 0:02:04]} 21. Kh1 {[%emt 0:01:38]} Nf4 {[%emt 0:01:30]} 22. f3 {[%emt 0:01:05]} Qa4 {[%emt 0:06:46]} 23. b3 {[%emt 0:00:30]} 1-0

[Event "29. Klatovy A 2023"]
[Site "Klatovy"]
[Date "2023.07.08"]
[Round "8.18"]
[White "Flajsman, Petr"]
[Black "Andrle, Filip"]
[Result "1-0"]
[WhiteElo "1956"]
[BlackElo "1692"]
[PlyCount "83"]
[EventDate "2023.07.01"]
[EventType "swiss"]
[EventRounds "9"]
[EventCountry "CZE"]
[TimeControl "120+30"]

1. e4 {[%emt 0:00:20]} c5 {[%emt 0:00:10]} 2. Nc3 {[%emt 0:00:22]} Nc6 {[%emt 0:00:11]} 3. g3 {[%emt 0:00:35]} g6 {[%emt 0:00:28]} 4. Bg2 {[%emt 0:00:09]} Bg7 {[%emt 0:00:42]} 5. Nge2 {[%emt 0:00:32]} e6 {[%emt 0:00:50]} 6. d3 {[%emt 0:00:08]} d6 {[%emt 0:01:53]} 7. O-O {[%emt 0:00:01]} Nge7 {[%emt 0:00:25]} 8. Be3 {[%emt 0:00:52]} Rb8 {[%emt 0:02:07]} 9. d4 {[%emt 0:00:57]} cxd4 {[%emt 0:01:55]} 10. Nxd4 {[%emt 0:00:21]} a6 {[%emt 0:00:46]} 11. a4 {[%emt 0:01:49]} O-O {[%emt 0:00:50]} 12. Re1 {[%emt 0:04:22]} Qc7 {[%emt 0:01:41]} 13. f4 {[%emt 0:14:22]} Bd7 {[%emt 0:08:58]} 14. Nb3 {[%emt 0:07:41]} b5 {[%emt 0:07:25]} 15. axb5 {[%emt 0:03:58]} axb5 {[%emt 0:00:24]} 16. Bf1 {[%emt 0:00:15]} Nb4 {[%emt 0:12:50]} 17. Ra7 {[%emt 0:03:32]} Rb7 {[%emt 0:01:15]} 18. Rxb7 {[%emt 0:07:43]} Qxb7 {[%emt 0:00:20]} 19. Qxd6 {[%emt 0:03:07]} Nxc2 {[%emt 0:03:35]} 20. Nc5 {[%emt 0:07:27]} Nc8 {[%emt 0:09:42]} 21. Qxf8+ {[%emt 0:13:00]} Kxf8 {[%emt 0:00:44]} 22. Nxb7 {[%emt 0:00:09]} Nxe1 {[%emt 0:00:14]} 23. Bc5+ {[%emt 0:00:51]} Kg8 {[%emt 0:01:25]} 24. e5 {[%emt 0:06:46]} Nf3+ {[%emt 0:02:51]} 25. Kf2 {[%emt 0:00:55]} Nd2 {[%emt 0:00:54]} 26. Bxb5 {[%emt 0:00:37]} Bxb5 {[%emt 0:00:44]} 27. Nxb5 {[%emt 0:00:02]} Ne4+ {[%emt 0:00:24]} 28. Ke3 {[%emt 0:00:15]} Nxc5 {[%emt 0:00:08]} 29. Nxc5 {[%emt 0:00:05]} Kf8 {[%emt 0:00:44]} 30. Nc3 {[%emt 0:02:41]} Ke8 {[%emt 0:01:57]} 31. N3e4 {[%emt 0:01:28]} h6 {[%emt 0:01:47]} 32. Kd4 {[%emt 0:00:33]} Kd8 {[%emt 0:00:43]} 33. Nb7+ {[%emt 0:02:03]} Kd7 {[%emt 0:01:00]} 34. Nbd6 {[%emt 0:06:43]} Nxd6 {[%emt 0:00:45]} 35. Nxd6 {[%emt 0:00:06]} f6 {[%emt 0:00:11]} 36. Ne4 {[%emt 0:00:13]} fxe5+ {[%emt 0:01:26]} 37. fxe5 {[%emt 0:00:02]} h5 {[%emt 0:00:39]} 38. Nc5+ {[%emt 0:00:43]} Ke7 {[%emt 0:00:08]} 39. b4 {[%emt 0:00:35]} Bh6 {[%emt 0:00:56]} 40. b5 {[%emt 0:00:37]} Bd2 {[%emt 0:00:17]} 41. b6 {[%emt 0:00:47]} Ba5 {[%emt 0:00:26]} 42. b7 {[%emt 0:00:08]} 1-0

[Event "29. Klatovy A 2023"]
[Site "Klatovy"]
[Date "2023.07.08"]
[Round "8.19"]
[White "Mik, Tomas"]
[Black "Kroulik, Vaclav"]
[Result "1/2-1/2"]
[WhiteElo "1940"]
[BlackElo "1750"]
[PlyCount "31"]
[EventDate "2023.07.01"]
[EventType "swiss"]
[EventRounds "9"]
[EventCountry "CZE"]

1. Nf3 Nf6 2. g3 g6 3. Bg2 Bg7 4. O-O O-O 5. c4 c6 6. d4 d5 7. Nc3 Ne4 8. cxd5 cxd5 9. Qb3 Nxc3 10. bxc3 e6 11. Bf4 Nc6 12. Rab1 Na5 13. Qc2 Nc4 14. Rb4 a5 15. Rb3 a4 16. Rb4 1/2-1/2

[Event "29. Klatovy A 2023"]
[Site "Klatovy"]
[Date "2023.07.08"]
[Round "8.20"]
[White "Holy, Filip"]
[Black "Strnad, Jakub"]
[Result "1-0"]
[WhiteElo "2129"]
[BlackElo "1957"]
[PlyCount "23"]
[EventDate "2023.07.01"]
[EventType "swiss"]
[EventRounds "9"]
[EventCountry "CZE"]

1. e4 e5 2. Nf3 Nc6 3. Nc3 Nf6 4. d4 exd4 5. Nxd4 d6 6. Bb5 Bd7 7. O-O Be7 8. Bf4 Ne5 9. Bxd7+ Qxd7 10. Nf5 O-O 11. Bxe5 Nxe4 12. Qg4 1-0

[Event "29. Klatovy A 2023"]
[Site "Klatovy"]
[Date "2023.07.08"]
[Round "8.21"]
[White "Zhang, Brian"]
[Black "Hlavacek, Ondrej 1999"]
[Result "1-0"]
[WhiteElo "1966"]
[BlackElo "1780"]
[PlyCount "123"]
[EventDate "2023.07.01"]
[EventType "swiss"]
[EventRounds "9"]
[EventCountry "CZE"]

1. e4 c6 2. d4 d5 3. exd5 cxd5 4. Bd3 Nc6 5. c3 Nf6 6. h3 e5 7. dxe5 Nxe5 8. Nf3 Nxd3+ 9. Qxd3 Be7 10. Be3 Bd7 11. Nbd2 a6 12. Nd4 O-O 13. O-O Re8 14. Rfe1 Bc6 15. Bg5 Ne4 16. Bxe7 Rxe7 17. f3 Nc5 18. Qf1 Rxe1 19. Rxe1 Qg5 20. N2b3 Na4 21. Qf2 Bd7 22. f4 Qg6 23. f5 Qg5 24. Qe2 g6 25. fxg6 hxg6 26. Qe7 Qxe7 27. Rxe7 Bc6 28. Nxc6 bxc6 29. Rc7 Nxb2 30. Rxc6 Nd1 31. Kf1 Re8 32. Rxa6 Nxc3 33. a4 Kg7 34. a5 Na4 35. Rd6 Rb8 36. Nd4 Nc3 37. a6 Ra8 38. Rc6 Na2 39. Rb6 Nc3 40. Ke1 Na4 41. Rc6 Kf8 42. Nb5 Nb2 43. Nc7 Ra7 44. Nb5 Ra8 45. a7 Nd3+ 46. Kd2 Ne5 47. Ra6 Nc4+ 48. Kc3 Rc8 49. a8=Q Rxa8 50. Rxa8+ Kg7 51. Kd4 g5 52. Ra2 Kg6 53. Kxd5 Ne3+ 54. Ke4 Nc4 55. Nd4 Nd6+ 56. Kd5 Ne8 57. Ra6+ f6 58. Ke4 Nc7 59. Ra7 Ne8 60. Nf5 g4 61. Re7 gxh3 62. gxh3 1-0

[Event "29. Klatovy A 2023"]
[Site "Klatovy"]
[Date "2023.07.08"]
[Round "8.22"]
[White "Zadrapova, Amalie"]
[Black "Simak, Roman"]
[Result "1/2-1/2"]
[WhiteElo "1789"]
[BlackElo "1838"]
[PlyCount "82"]
[EventDate "2023.07.01"]
[EventType "swiss"]
[EventRounds "9"]
[EventCountry "CZE"]

1. e4 d6 2. d4 e5 3. Nf3 Nd7 4. Bc4 c6 5. O-O Be7 6. Nc3 Ngf6 7. Bb3 O-O 8. h3 b5 9. a3 a5 10. Qe2 Qc7 11. Be3 Ba6 12. Qd1 b4 13. Ne2 Nxe4 14. Re1 a4 15. Ba2 bxa3 16. bxa3 d5 17. dxe5 Nxe5 18. Nxe5 Qxe5 19. Nd4 Qf6 20. Nxc6 Qxc6 21. Bxd5 Qg6 22. Bxa8 Rxa8 23. Qd7 Qe6 24. Qxa4 Bb7 25. Qb5 Bc6 26. Qd3 Rd8 27. Qb3 Qg6 28. f3 Nd2 29. Bxd2 Rxd2 30. Qb8+ Bd8 31. g4 Qxc2 32. Rac1 Rg2+ 33. Kh1 Rh2+ 34. Qxh2 Bxf3+ 35. Kg1 Bb6+ 36. Kf1 Qd3+ 37. Re2 Bxe2+ 38. Qxe2 Qxh3+ 39. Ke1 Ba5+ 40. Kd1 Qb3+ 41. Qc2 Qf3+ 1/2-1/2

[Event "29. Klatovy A 2023"]
[Site "Klatovy"]
[Date "2023.07.08"]
[Round "8.23"]
[White "Topencik, Bruno"]
[Black "Benes, Jachym"]
[Result "1/2-1/2"]
[WhiteElo "1780"]
[BlackElo "1806"]
[PlyCount "61"]
[EventDate "2023.07.01"]
[EventType "swiss"]
[EventRounds "9"]
[EventCountry "CZE"]

1. e4 e6 2. d4 d5 3. exd5 exd5 4. c4 c6 5. Nc3 Nf6 6. Bg5 Be7 7. Bd3 dxc4 8. Bxc4 O-O 9. Nge2 Bf5 10. Ng3 Bg6 11. O-O Nbd7 12. f4 h6 13. f5 Bh7 14. Bf4 Nb6 15. Bb3 Nbd5 16. Bd2 Qd7 17. Qf3 Rad8 18. Rae1 Rfe8 19. Nh5 Nxh5 20. Qxh5 Bf6 21. Nxd5 cxd5 22. Qg4 Rxe1 23. Bxe1 Re8 24. Bc2 Qb5 25. Bc3 Bg5 26. Qd1 Qc6 27. Re1 Rxe1+ 28. Qxe1 g6 29. g4 Bf4 30. Qe7 Bg5 31. Qe1 1/2-1/2

[Event "29. Klatovy A 2023"]
[Site "Klatovy"]
[Date "2023.07.08"]
[Round "8.24"]
[White "Roubal, Matyas"]
[Black "Formanek, Martin"]
[Result "0-1"]
[WhiteElo "1850"]
[BlackElo "2206"]
[PlyCount "92"]
[EventDate "2023.07.01"]
[EventType "swiss"]
[EventRounds "9"]
[EventCountry "CZE"]

1. e4 c5 2. Nf3 d6 3. d4 cxd4 4. Nxd4 Nf6 5. Nc3 a6 6. Nb3 g6 7. Be2 Bg7 8. Be3 O-O 9. g4 Nc6 10. f3 b5 11. Qd2 Re8 12. h4 Bb7 13. O-O-O Rc8 14. h5 Ne5 15. hxg6 fxg6 16. Kb1 Nfd7 17. Nd4 e6 18. f4 Nf7 19. f5 Nc5 20. Bf3 b4 21. Nce2 exf5 22. gxf5 Nxe4 23. Qxb4 Qc7 24. c3 Nxc3+ 25. Nxc3 Bxf3 26. Nxf3 Rxe3 27. Nd5 Qc2+ 28. Ka1 Bxb2+ 29. Qxb2 Qxb2+ 30. Kxb2 Rb8+ 31. Ka1 Rxf3 32. fxg6 hxg6 33. Ne7+ Kg7 34. Rhg1 g5 35. Nc6 Re8 36. Nb4 a5 37. Nc6 a4 38. Nd4 Rf4 39. Nb5 Re6 40. Rd5 Re5 41. Rxe5 dxe5 42. Nc7 Kf6 43. Nd5+ Kf5 44. Nxf4 exf4 45. Kb2 f3 46. Kc3 Kf4 0-1

[Event "29. Klatovy A 2023"]
[Site "Klatovy"]
[Date "2023.07.08"]
[Round "8.25"]
[White "Matejovsky, Ondrej"]
[Black "Novak, Vaclav2"]
[Result "1/2-1/2"]
[WhiteElo "1928"]
[BlackElo "1948"]
[PlyCount "111"]
[EventDate "2023.07.01"]
[EventType "swiss"]
[EventRounds "9"]
[EventCountry "CZE"]

1. e4 e5 2. Nf3 Nc6 3. Nc3 Nf6 4. Bb5 d6 5. d4 Bd7 6. O-O exd4 7. Nxd4 Nxd4 8. Bxd7+ Qxd7 9. Qxd4 Be7 10. b3 O-O 11. Bb2 Ne8 12. Rad1 Qe6 13. Nd5 Bf6 14. Nxf6+ Nxf6 15. e5 dxe5 16. Qxe5 Qxe5 17. Bxe5 Ng4 18. Bb2 Rfd8 19. h3 Nh6 20. Rfe1 f6 21. Rxd8+ Rxd8 22. Re7 Rc8 23. g4 Nf7 24. f4 Nd6 25. Rd7 a6 26. g5 Ne8 27. h4 b5 28. Kf2 c5 29. gxf6 gxf6 30. Re7 Rd8 31. Kf3 Kf8 32. Re2 Kf7 33. Bc3 Ng7 34. Rd2 Rxd2 35. Bxd2 Ke6 36. Be3 Kd5 37. c3 h5 38. Bd2 f5 39. Ke3 c4 40. b4 Ne8 41. Kf3 Nd6 42. Ke3 Nc8 43. Be1 Nb6 44. Bd2 Na4 45. Be1 Nb2 46. Bd2 Na4 47. Be1 Nb6 48. Bd2 Nd7 49. Be1 Nb8 50. Bd2 Nc6 51. Be1 a5 52. a3 a4 53. Kf3 Nb8 54. Ke3 Nd7 55. Kf3 Nf6 56. Ke3 1/2-1/2

[Event "29. Klatovy A 2023"]
[Site "Klatovy"]
[Date "2023.07.08"]
[Round "8.26"]
[White "Zadrapa, Radek"]
[Black "Lhotsky, Zdenek"]
[Result "1-0"]
[WhiteElo "2014"]
[BlackElo "1840"]
[PlyCount "87"]
[EventDate "2023.07.01"]
[EventType "swiss"]
[EventRounds "9"]
[EventCountry "CZE"]

1. e4 c5 2. Nf3 d6 3. Bb5+ Nd7 4. O-O Ngf6 5. Re1 a6 6. Bf1 e6 7. a4 b6 8. Bc4 Be7 9. Nc3 Bb7 10. d3 O-O 11. Qe2 Re8 12. d4 cxd4 13. Nxd4 d5 14. Bd3 dxe4 15. Nxe4 Nxe4 16. Bxe4 Bxe4 17. Qxe4 Nc5 18. Qe3 Bf6 19. Nf3 Rc8 20. Ra2 Qd5 21. b3 Red8 22. h3 b5 23. axb5 axb5 24. Ra5 Nb7 25. c4 Qc6 26. Rxb5 Nd6 27. Rb6 Qc7 28. Ra6 Nf5 29. Qb6 Qd7 30. Bf4 Qd3 31. c5 Rxc5 32. Qxc5 Qxa6 33. Rc1 h6 34. b4 Qa3 35. b5 Qb2 36. Be5 Bxe5 37. Nxe5 Nd6 38. Rd1 Nb7 39. Rxd8+ Nxd8 40. b6 f6 41. Nd7 Qa1+ 42. Kh2 Qa8 43. Qc7 Nb7 44. Nc5 1-0

[Event "29. Klatovy A 2023"]
[Site "Klatovy"]
[Date "2023.07.08"]
[Round "8.27"]
[White "Kovar, Petr"]
[Black "Stary, Lukas"]
[Result "1/2-1/2"]
[WhiteElo "1879"]
[BlackElo "1932"]
[PlyCount "52"]
[EventDate "2023.07.01"]
[EventType "swiss"]
[EventRounds "9"]
[EventCountry "CZE"]

1. c4 c5 2. Nf3 Nf6 3. Nc3 d5 4. cxd5 Nxd5 5. g3 Nc6 6. Bg2 Nc7 7. O-O e5 8. d3 Be7 9. Bd2 O-O 10. Re1 Rb8 11. Rc1 f6 12. Na4 b6 13. Ng5 Nd4 14. Nf3 Bb7 15. Nxd4 Qxd4 16. Be3 Qd7 17. Bxb7 Rxb7 18. Qb3+ Qd5 19. Qxd5+ Nxd5 20. Bd2 Bd6 21. Nc3 Nxc3 22. Rxc3 Rc7 23. Rec1 Rfc8 24. Kg2 Kf7 25. Kf3 Ke6 26. g4 g6 1/2-1/2

[Event "29. Klatovy A 2023"]
[Site "Klatovy"]
[Date "2023.07.08"]
[Round "8.28"]
[White "Sedmihradsky, Tomas"]
[Black "Pick, Stepan"]
[Result "0-1"]
[WhiteElo "1775"]
[BlackElo "1911"]
[PlyCount "50"]
[EventDate "2023.07.01"]
[EventType "swiss"]
[EventRounds "9"]
[EventCountry "CZE"]

1. d4 d5 2. c4 e6 3. Nc3 Nf6 4. Nf3 a6 5. Bg5 dxc4 6. e4 b5 7. e5 h6 8. Bh4 g5 9. exf6 gxh4 10. a4 c6 11. axb5 cxb5 12. Be2 Bb7 13. Nxh4 Qxf6 14. Nf3 Nd7 15. O-O Nb6 16. Ne5 Bg7 17. f3 Rd8 18. Ne4 Qf4 19. Nc5 Bxe5 20. Nxb7 Qxh2+ 21. Kf2 Rxd4 22. Qc2 Nd5 23. f4 Qxf4+ 24. Ke1 Qh4+ 25. Rf2 Bg3 0-1

[Event "29. Klatovy A 2023"]
[Site "Klatovy"]
[Date "2023.07.08"]
[Round "8.29"]
[White "Kucera, Petr2"]
[Black "Ruessel, Bernhard"]
[Result "1/2-1/2"]
[WhiteElo "1935"]
[BlackElo "1852"]
[PlyCount "119"]
[EventDate "2023.07.01"]
[EventType "swiss"]
[EventRounds "9"]
[EventCountry "CZE"]

1. e4 c6 2. Ne2 d5 3. e5 Bf5 4. Ng3 Bg6 5. h4 h5 6. e6 Qd6 7. exf7+ Bxf7 8. d4 Nd7 9. Nc3 e5 10. Bg5 g6 11. Qe2 Be7 12. O-O-O Bxg5+ 13. hxg5 e4 14. Rh4 O-O-O 15. Qe3 Ne7 16. Rf4 Rhf8 17. f3 exf3 18. Rxf3 Rde8 19. Qf2 Be6 20. Re1 Bg4 21. Rf7 Nf5 22. Rxe8+ Rxe8 23. Nxf5 Bxf5 24. Be2 Qe6 25. Rg7 Re7 26. Rxe7 Qxe7 27. Qf4 Nf8 28. Kd1 Ne6 29. Qe5 Qxg5 30. g3 Bg4 31. Qd6 Bxe2+ 32. Nxe2 Qg4 33. a4 a5 34. c3 g5 35. b4 axb4 36. cxb4 Nd8 37. b5 Qd7 38. Qg6 h4 39. Qxg5 hxg3 40. b6 c5 41. dxc5 Qxa4+ 42. Ke1 Qb4+ 43. Kf1 Qxc5 44. Qg4+ Kb8 45. Qxg3+ Kc8 46. Qg4+ Kb8 47. Qf4+ Kc8 48. Qf5+ Kb8 49. Qf6 Kc8 50. Nd4 Qc1+ 51. Kg2 Qd2+ 52. Kh3 Qe3+ 53. Kh4 Qe1+ 54. Kh5 Qe8+ 55. Kh6 Nf7+ 56. Kg7 Ne5 57. Nf5 Qg6+ 58. Qxg6 Nxg6 59. Kxg6 Kd7 60. Nd4 1/2-1/2

[Event "29. Klatovy A 2023"]
[Site "Klatovy"]
[Date "2023.07.09"]
[Round "9.1"]
[White "Hurdzan, Tomas"]
[Black "Straka, Vojtech"]
[Result "1-0"]
[WhiteElo "2309"]
[BlackElo "2433"]
[PlyCount "113"]
[EventDate "2023.07.01"]
[EventType "swiss"]
[EventRounds "9"]
[EventCountry "CZE"]
[TimeControl "120+30"]

1. c4 {[%emt 0:00:08]} c5 {[%emt 0:05:41]} 2. Nf3 {[%emt 0:00:31]} Nf6 {[%emt 0:00:44]} 3. Nc3 {[%emt 0:00:50]} e6 {[%emt 0:01:48]} 4. g3 {[%emt 0:02:24]} d5 {[%emt 0:09:02]} 5. cxd5 {[%emt 0:00:07]} exd5 {[%emt 0:00:05]} 6. d4 {[%emt 0:00:09]} cxd4 {[%emt 0:01:46]} 7. Nxd4 {[%emt 0:00:17]} Bc5 {[%emt 0:00:07]} 8. Bg2 {[%emt 0:02:02]} Nc6 {[%emt 0:20:48]} 9. Nb3 {[%emt 0:01:03]} Bb6 {[%emt 0:00:07]} 10. O-O {[%emt 0:05:43]} d4 {[%emt 0:01:23]} 11. Na4 {[%emt 0:01:29]} O-O {[%emt 0:01:02]} 12. Bg5 {[%emt 0:05:03]} h6 {[%emt 0:00:30]} 13. Bxf6 {[%emt 0:00:16]} Qxf6 {[%emt 0:00:02]} 14. Nxb6 {[%emt 0:01:47]} axb6 {[%emt 0:00:31]} 15. Bxc6 {[%emt 0:00:23]} bxc6 {[%emt 0:00:06]} 16. Qxd4 {[%emt 0:00:11]} Qd8 {[%emt 0:00:07]} 17. Rfd1 {[%emt 0:13:48]} Be6 {[%emt 0:07:38]} 18. Qxd8 {[%emt 0:01:06]} Rfxd8 {[%emt 0:00:07]} 19. Rxd8+ {[%emt 0:02:23]} Rxd8 {[%emt 0:00:02]} 20. Kf1 {[%emt 0:01:15]} Bxb3 {[%emt 0:18:38]} 21. axb3 {[%emt 0:00:06]} Rd2 {[%emt 0:00:06]} 22. Rb1 {[%emt 0:09:38]} Rd4 {[%emt 0:14:04]} 23. Rc1 {[%emt 0:01:00]} c5 {[%emt 0:00:06]} 24. Ke1 {[%emt 0:01:06]} Kf8 {[%emt 0:09:45]} 25. Rc4 {[%emt 0:14:04]} Rd5 {[%emt 0:00:24]} 26. b4 {[%emt 0:01:14]} Ke7 {[%emt 0:00:26]} 27. bxc5 {[%emt 0:13:08]} bxc5 {[%emt 0:00:15]} 28. Rc3 {[%emt 0:02:57]} Rh5 {[%emt 0:05:23]} 29. h4 {[%emt 0:03:53]} Kd6 {[%emt 0:01:17]} 30. Rf3 {[%emt 0:02:28]} Ke6 {[%emt 0:00:24]} 31. Kd2 {[%emt 0:00:31]} g5 {[%emt 0:01:34]} 32. hxg5 {[%emt 0:00:29]} hxg5 {[%emt 0:03:46]} 33. Kc3 {[%emt 0:21:16]} Rh1 {[%emt 0:09:03]} 34. Kc4 {[%emt 0:00:05]} Rb1 {[%emt 0:00:06]} 35. b3 {[%emt 0:00:56]} Rc1+ {[%emt 0:00:08]} 36. Rc3 {[%emt 0:00:06]} Rf1 {[%emt 0:00:06]} 37. Kxc5 {[%emt 0:04:41]} Rxf2 {[%emt 0:00:17]} 38. Re3+ {[%emt 0:00:36]} Kd7 {[%emt 0:00:13]} 39. Kb6 {[%emt 0:03:26]} f5 {[%emt 0:08:35]} 40. b4 {[%emt 0:00:17]} f4 {[%emt 0:00:06]} 41. gxf4 {[%emt 0:00:35]} Rxf4 {[%emt 0:00:07]} 42. b5 {[%emt 0:00:30]} g4 {[%emt 0:00:07]} 43. Kb7 {[%emt 0:03:23]} Kd6 {[%emt 0:00:15]} 44. b6 {[%emt 0:01:53]} Kd5 {[%emt 0:01:21]} 45. Re7 {[%emt 0:03:04]} Re4 {[%emt 0:01:29]} 46. Rg7 {[%emt 0:01:09]} Ke6 {[%emt 0:00:07]} 47. Ka6 {[%emt 0:01:46]} Kf6 {[%emt 0:00:22]} 48. Rg8 {[%emt 0:00:10]} Kf7 {[%emt 0:02:15]} 49. b7 {[%emt 0:00:56]} Re6+ {[%emt 0:00:49]} 50. Kb5 {[%emt 0:01:21]} Kxg8 {[%emt 0:01:06]} 51. b8=Q+ {[%emt 0:00:06]} Kg7 {[%emt 0:00:07]} 52. Qf4 {[%emt 0:01:01]} Rg6 {[%emt 0:00:20]} 53. Qg3 {[%emt 0:00:06]} Kf6 {[%emt 0:00:43]} 54. Kc4 {[%emt 0:00:31]} Kf5 {[%emt 0:00:26]} 55. Kd5 {[%emt 0:00:29]} Rh6 {[%emt 0:00:21]} 56. e4+ {[%emt 0:00:20]} Kg5 {[%emt 0:00:14]} 57. Qe3+ {[%emt 0:01:10]} 1-0